000 00859nam a22002417a 4500
001 49142
003 BD-RjUL
005 20211209054635.0
008 160818s1961 bg ||||| |||| 00| 0 be d
020 _c: PRs 2.00
035 _a(BD-RjUL)49261
040 _aBD-RjUL
_bben
_cBD-RjUL
041 _aben
082 _223
_a508
_bGAA 1961
100 _aগেমাও, জি.
_9147760
245 1 0 _aআজব দেশে টমকিনস /
_cজি. গেমাও
260 _aঢাকা :
_bবাংলা একাডেমী,
_c১৯৬১ [১৩৬৮]
300 _a৬১ পৃ. :
_bচিত্র ;
_c২১ সেমি.
650 _aপ্রাকৃতিক ইতিহাস
_9147761
650 _aNatural History
_9147762
700 _aখান, ফেরদাঊস, অনুবাদ
_9147763
942 _2ddc
_cBK
999 _c49142
_d49142